000 00604nam a22002297a 4500
003 UA-OsUOA
001 98914
007 ta
008 20130422b un ||||| |||| 00| 0 ukr d
100 _aРитхеу Ю.
090 _a821.551.1
_bР55
942 _cBK
040 _aUA-OsUOA
_bukr
_cUA-OsUOA
_dUA-OsUOA
245 _aНайкрасивіші кораблі
_bповісті
300 _a399 с.
955 _a3
041 _aukr
080 _a821.551.1
260 _aК.
_bДніпро
_c1988
650 7 _a82 Література. Літературознавство
_2UDC
999 _c384762
_d384762